书目信息 |
| 题名: |
新疆传统砖饰艺术
|
|
| 作者: | 衣霄 , 昌晶晶 著 | |
| 分册: | ||
| 出版信息: | 北京 中国建筑工业出版社 2019.10 |
|
| 页数: | 93页 | |
| 开本: | 23cm | |
| 丛书名: | ||
| 单 册: | ||
| 中图分类: | TU852 , TU85 | |
| 科图分类: | ||
| 主题词: | 少数民族--shao shu min zu--民族建筑--砖--装饰雕塑--建筑艺术--新疆 | |
| 电子资源: | ||
| ISBN: | 978-7-112-24034-0 | |
| 000 | 01189nam0 2200277 450 | |
| 001 | 2356035982 | |
| 005 | 20231124153408.48 | |
| 010 | @a978-7-112-24034-0@dCNY28.00 | |
| 100 | @a20191114d2019 em y0chiy50 ea | |
| 101 | 0 | @achi |
| 102 | @aCN@b110000 | |
| 105 | @aak a 000yy | |
| 200 | 1 | @a新疆传统砖饰艺术@Axin jiang chuan tong zhuan shi yi shu@d= Decoration art of Xinjiang traditional brick@f衣霄, 昌晶晶著@zeng |
| 210 | @a北京@c中国建筑工业出版社@d2019.10 | |
| 215 | @a93页@c图@d23cm | |
| 300 | @a2016年自治区普通高等学校人文社会科学重点研究基地项目成果, 项目批准号: XJEDU040816B03 新疆师范大学自治区重点学科项目基金资助 | |
| 320 | @a有书目 (第92-93页) | |
| 330 | @a本书从非物质文化角度, 首先探讨了新疆传统砖饰艺术的分类及艺术特色, 重点分析了其中最具有代表性的拼花砖和琉璃砖。从砖饰的制作工艺、形制特征、构成方式、图案主题等方面进行了系统论述。 | |
| 510 | 1 | @aDecoration art of Xinjiang traditional brick@zeng |
| 606 | 0 | @a少数民族@Ashao shu min zu@x民族建筑@x砖@x装饰雕塑@x建筑艺术@y新疆 |
| 690 | @aTU852@v5 | |
| 690 | @aTU85@v4 | |
| 701 | 0 | @a衣霄@Ayi xiao@4著 |
| 701 | 0 | @a昌晶晶@Achang jing jing@4著 |
| 801 | @aCN@b山东中教@c20231121 | |
| 905 | @aBZT@dTU85@e19 | |
| 新疆传统砖饰艺术= Decoration art of Xinjiang traditional brick/衣霄, 昌晶晶著.-北京:中国建筑工业出版社,2019.10 |
| 93页:图;23cm |
| 2016年自治区普通高等学校人文社会科学重点研究基地项目成果, 项目批准号: XJEDU040816B03 新疆师范大学自治区重点学科项目基金资助 |
| ISBN 978-7-112-24034-0:CNY28.00 |
| 本书从非物质文化角度, 首先探讨了新疆传统砖饰艺术的分类及艺术特色, 重点分析了其中最具有代表性的拼花砖和琉璃砖。从砖饰的制作工艺、形制特征、构成方式、图案主题等方面进行了系统论述。 |
| ● |
| 相关链接 |
|
|
|
正题名:新疆传统砖饰艺术
索取号:TU85/19
 
预约/预借
| 序号 | 登录号 | 条形码 | 馆藏地/架位号 | 状态 | 备注 |
| 1 | 2001047950 | 2001047950 | 中教第一批/山东中教(第一批)/454/ [索取号:TU85/19] | 在馆 | |
| 2 | 2001047951 | 2001047951 | 中教第一批/山东中教(第一批)/454/ [索取号:TU85/19] | 在馆 | |
| 3 | 2001047952 | 2001047952 | 中教第一批/山东中教(第一批)/454/ [索取号:TU85/19] | 在馆 | |
| 4 | 2001047953 | 2001047953 | 中教第一批/山东中教(第一批)/454/ [索取号:TU85/19] | 在馆 | |
| 5 | 2001047954 | 2001047954 | 中教第一批/山东中教(第一批)/454/ [索取号:TU85/19] | 在馆 | |
| 6 | 2001047955 | 2001047955 | 中教第一批/山东中教(第一批)/454/ [索取号:TU85/19] | 在馆 |